[Event "Schachbundesliga 2011/2012"]
[Site "?"]
[Date "2011.10.16"]
[Round "3"]
[White "Zaragatski, Ilja"]
[Black "Naiditsch, Arkadij"]
[Result "0-1"]
[WhiteElo "2474"]
[BlackElo "2707"]
[PlyCount "80"]
[EventDate "2011.??.??"]

1. Nf3 c5 2. g3 b5 3. a4 b4 4. e4 Nc6 5. Bg2 e5 6. O-O g6 7. d3 Bg7 8. Nbd2
Nge7 9. Nc4 d6 10. Nh4 O-O 11. f4 exf4 12. gxf4 d5 13. exd5 Nxd5 14. Nf3 Bg4
15. Qe1 Bxf3 16. Bxf3 Nd4 17. Qd1 Re8 18. Bd2 Qh4 19. Be1 Qh3 20. Bg2 Qd7 21.
Kh1 Rad8 22. Bh4 Rb8 23. Be4 f5 24. Bg2 Re2 25. Bf2 Rbe8 26. Bxd4 Bxd4 27. Be4
Rxh2+ 28. Kxh2 fxe4 29. c3 bxc3 30. bxc3 Nxc3 31. Qb3 exd3 32. Ne5+ Qd5 33.
Qxd5+ Nxd5 34. Rab1 d2 35. Nf3 Nc3 36. Nxd4 Nxb1 37. Rxb1 cxd4 38. Rd1 Re2+ 39.
Kg3 Kf7 40. Kf3 d3 0-1

[Event "Schachbundesliga 2011/2012"]
[Site "?"]
[Date "2011.12.10"]
[Round "6"]
[White "Bacrot, Etienne"]
[Black "Bartel, Mateusz"]
[Result "1/2-1/2"]
[WhiteElo "2705"]
[BlackElo "2627"]
[PlyCount "79"]
[EventDate "2011.??.??"]

1. d4 d5 2. Nf3 c6 3. c4 e6 4. e3 Nf6 5. Nc3 a6 6. b3 Bb4 7. Bd2 Bd6 8. Bd3 c5
9. cxd5 exd5 10. dxc5 Bxc5 11. O-O O-O 12. Ne2 Nc6 13. Qc2 Qe7 14. Ned4 Nb4 15.
Bxb4 Bxb4 16. Nf5 Bxf5 17. Bxf5 g6 18. Bh3 Ne4 19. Qd3 Rad8 20. Rac1 Nc5 21.
Qd4 Ne6 22. Bxe6 fxe6 23. Qg4 Bd6 24. Rc2 Qf6 25. Re2 Bb8 26. Rd1 Qf5 27. Qh4
Bc7 28. Rc1 Rd7 29. Nd4 Qf7 30. Qg4 Re8 31. Rec2 Kg7 32. h4 h5 33. Qh3 Be5 34.
Rc8 Rxc8 35. Rxc8 Bxd4 36. exd4 Rc7 37. Rxc7 Qxc7 38. Qe3 Qc2 39. a4 Kf7 40. g3
1/2-1/2

[Event "Schachbundesliga 2011/2012"]
[Site "?"]
[Date "2011.12.10"]
[Round "6"]
[White "Berkes, Ferenc"]
[Black "Efimenko, Zahar"]
[Result "1-0"]
[WhiteElo "2706"]
[BlackElo "2703"]
[PlyCount "117"]
[EventDate "2011.??.??"]

1. g3 Nf6 2. Bg2 d5 3. Nf3 c5 4. O-O g6 5. d4 cxd4 6. Nxd4 Bg7 7. c4 dxc4 8.
Na3 c3 9. Ndb5 Nbd7 10. Bf4 O-O 11. Bc7 Qe8 12. Nxc3 Nc5 13. b4 Na6 14. Be5
Nxb4 15. Nab5 Na6 16. Qd4 Qd8 17. Nxa7 Qa5 18. Nd5 Re8 19. Nxc8 Raxc8 20. Nxf6+
exf6 21. Bxf6 Rcd8 22. Bxd8 Rxd8 23. Qe3 Bxa1 24. Rxa1 Nc5 25. h4 b6 26. Bf3
Qd2 27. Qa3 Rd4 28. Qa8+ Kg7 29. Rb1 Ra4 30. Qe8 Qd6 31. h5 g5 32. Qe3 Qf6 33.
Bd5 h6 34. Rd1 Rb4 35. Kf1 Rb2 36. Qc1 Rb4 37. Qc2 Rb2 38. Qc4 Qf5 39. Qd4+ Qf6
40. Qc4 Qf5 41. a4 Rc2 42. Qd4+ Qf6 43. Bc6 Qxd4 44. Rxd4 Nb3 45. Rd6 Nd2+ 46.
Kg1 Nb1 47. Bd7 Rb2 48. Rc6 b5 49. Rb6 b4 50. Rb7 Nc3 51. Be8 Kf8 52. Bxf7 Nxa4
53. Bc4 Nc5 54. Rf7+ Ke8 55. Rc7 Ne4 56. Rc6 Kd7 57. Rxh6 Nd6 58. Rxd6+ Kxd6
59. h6 1-0

[Event "Schachbundesliga 2011/2012"]
[Site "?"]
[Date "2011.12.10"]
[Round "6"]
[White "Bogner, Sebastian"]
[Black "Naiditsch, Arkadij"]
[Result "1/2-1/2"]
[WhiteElo "2534"]
[BlackElo "2707"]
[PlyCount "80"]
[EventDate "2011.??.??"]

1. d4 Nf6 2. c4 e6 3. Nc3 Bb4 4. Qc2 O-O 5. a3 Bxc3+ 6. Qxc3 b5 7. cxb5 c6 8.
a4 a6 9. bxa6 Ne4 10. Qc2 d5 11. Nf3 Nxa6 12. Bd2 Qb6 13. a5 Nb4 14. Qb3 Rxa5
15. Rxa5 Nxd2 16. Kxd2 Qxa5 17. Qc3 c5 18. Qxc5 Qa4 19. e3 Bd7 20. Be2 Rb8 21.
Rc1 Qa2 22. Qc3 Nc6 23. Bd3 f6 24. Bb1 Qxb2+ 25. Qxb2 Rxb2+ 26. Bc2 Ra2 27. Kc3
Be8 28. Nd2 Na7 29. Kb3 Ra6 30. Bd3 Bb5 31. Bxb5 Nxb5 32. Kb2 Kf7 33. Nb3 Rb6
34. Ra1 Nd6 35. Kc2 Ne4 36. f3 Nd6 37. Nc5 Nc4 38. Kd3 h5 39. Ra7+ Kg6 40. Rb7
Rxb7 1/2-1/2

[Event "Schachbundesliga 2011/2012"]
[Site "?"]
[Date "2011.12.10"]
[Round "6"]
[White "Fressinet, Laurent"]
[Black "Bologan, Viktor"]
[Result "1-0"]
[WhiteElo "2696"]
[BlackElo "2657"]
[PlyCount "95"]
[EventDate "2011.??.??"]

1. d4 Nf6 2. c4 c5 3. d5 b5 4. cxb5 a6 5. e3 axb5 6. Bxb5 Qa5+ 7. Nc3 Bb7 8.
Bd2 Qb6 9. Nf3 Nxd5 10. Nxd5 Bxd5 11. a4 e6 12. Bc3 Be7 13. O-O O-O 14. Ne5 d6
15. Nc4 Bxc4 16. Qg4 g6 17. Qxc4 Nc6 18. Qf4 d5 19. Rfd1 Rfd8 20. h4 e5 21. Qf3
e4 22. Qf4 Rd6 23. Rac1 Rad8 24. h5 Na7 25. Bf1 d4 26. Be1 Qb7 27. exd4 cxd4
28. Rc4 g5 29. Qf5 h6 30. Rdc1 R8d7 31. b4 Re6 32. b5 d3 33. Bd2 Ba3 34. Re1
Rd5 35. Rc7 Qxc7 36. Qxd5 Qe7 37. Qa8+ Kg7 38. Bc3+ f6 39. Bxd3 exd3 40. Rxe6
Qxe6 41. Qxa7+ Kg8 42. Qb8+ Kf7 43. Qh8 Qd6 44. Qh7+ Ke8 45. Qe4+ Kf8 46. Bd2
Qd7 47. b6 Bd6 48. g3 1-0

[Event "Schachbundesliga 2011/2012"]
[Site "?"]
[Date "2011.12.10"]
[Round "6"]
[White "Najer, Evgeniy"]
[Black "Shirov, Alexei"]
[Result "1/2-1/2"]
[WhiteElo "2637"]
[BlackElo "2713"]
[PlyCount "73"]
[EventDate "2011.??.??"]

1. d4 d5 2. c4 c6 3. Nc3 Nf6 4. Nf3 e6 5. e3 Nbd7 6. Bd3 dxc4 7. Bxc4 b5 8. Bd3
Bb7 9. O-O a6 10. a4 b4 11. Ne4 c5 12. Nxf6+ gxf6 13. Qe2 cxd4 14. exd4 Nb6 15.
Bf4 Nd5 16. Bg3 Be7 17. Rfe1 f5 18. Ne5 O-O 19. a5 Bg5 20. Nc4 Nf4 21. Bxf4
Bxf4 22. Nb6 Ra7 23. d5 Bxd5 24. Bxf5 exf5 25. Rad1 Bxh2+ 26. Kxh2 Qh4+ 27. Kg1
Be4 28. f3 Bc6 29. Qf2 Qxf2+ 30. Kxf2 Rc7 31. Rc1 Rd8 32. Re2 b3 33. Rc4 Rd1
34. Na8 Rc8 35. Nb6 Rc7 36. Na8 Rc8 37. Nb6 1/2-1/2

[Event "Schachbundesliga 2011/2012"]
[Site "?"]
[Date "2011.12.11"]
[Round "7"]
[White "Efimenko, Zahar"]
[Black "Buhmann, Rainer"]
[Result "1/2-1/2"]
[WhiteElo "2703"]
[BlackElo "2606"]
[PlyCount "137"]
[EventDate "2011.??.??"]

1. e4 e5 2. Nf3 Nc6 3. Bb5 Nf6 4. d3 Bc5 5. O-O Nd4 6. Nxd4 Bxd4 7. Nd2 c6 8.
Ba4 d6 9. c3 Bb6 10. Bb3 O-O 11. Nc4 Bc7 12. Bg5 h6 13. Bh4 g5 14. Bg3 Bg4 15.
f3 Be6 16. Ne3 Nh5 17. Bf2 Bb6 18. d4 Nf4 19. Bxe6 fxe6 20. dxe5 Bxe3 21. Bxe3
dxe5 22. g3 Ng6 23. Qxd8 Rfxd8 24. Rfd1 Nf8 25. Kf2 Kf7 26. Ke2 a6 27. a4 Rac8
28. b4 Rxd1 29. Rxd1 Rc7 30. Rd8 Rd7 31. Rb8 Ng6 32. a5 Kf6 33. Bd2 Ne7 34. c4
Ng6 35. Kd1 h5 36. Kc2 g4 37. fxg4 hxg4 38. Be3 Kf7 39. Kc3 Ne7 40. Bg5 Ng8 41.
b5 cxb5 42. cxb5 axb5 43. Kb4 Nf6 44. Bxf6 Kxf6 45. Kxb5 Rh7 46. Rf8+ Ke7 47.
Rf2 Kd8 48. Kb6 Kc8 49. Rf8+ Kd7 50. Kxb7 Rxh2 51. Rf7+ Kd6 52. a6 Rb2+ 53. Kc8
Rc2+ 54. Kd8 Rc7 55. Rf1 Ra7 56. Rd1+ Kc5 57. Ra1 Kd4 58. Ra4+ Kc5 59. Kc8 Kb6
60. Ra1 Rc7+ 61. Kd8 Ra7 62. Ra2 Kb5 63. Kc8 Kb6 64. Ra3 Rc7+ 65. Kd8 Ra7 66.
Ra1 Kb5 67. Kc8 Kb6 68. Ra2 Rc7+ 69. Kd8 1/2-1/2

[Event "Schachbundesliga 2011/2012"]
[Site "?"]
[Date "2011.12.11"]
[Round "7"]
[White "Henrichs, Thomas"]
[Black "Bacrot, Etienne"]
[Result "1/2-1/2"]
[WhiteElo "2473"]
[BlackElo "2705"]
[PlyCount "56"]
[EventDate "2011.??.??"]

1. Nf3 Nf6 2. c4 g6 3. Nc3 Bg7 4. d4 O-O 5. e4 d6 6. Be2 e5 7. d5 a5 8. Bg5 h6
9. Bh4 Na6 10. Nd2 c6 11. O-O Bd7 12. a3 h5 13. Bg5 Qc7 14. Kh1 Nh7 15. Be3 h4
16. Rc1 c5 17. Qe1 Qd8 18. Nb5 Qe7 19. Nb1 f5 20. f3 b6 21. N1c3 Kh8 22. exf5
gxf5 23. f4 Rg8 24. Bh5 Bf6 25. Rc2 e4 26. Rg1 Be8 27. Bxe8 Raxe8 28. Nd1 Nc7
1/2-1/2

[Event "Schachbundesliga 2011/2012"]
[Site "?"]
[Date "2011.12.11"]
[Round "7"]
[White "Ipatov, Alexander"]
[Black "Berkes, Ferenc"]
[Result "1/2-1/2"]
[WhiteElo "2591"]
[BlackElo "2706"]
[PlyCount "67"]
[EventDate "2011.??.??"]

1. d4 Nf6 2. c4 e6 3. Nc3 Bb4 4. e3 O-O 5. a3 Bxc3+ 6. bxc3 c5 7. Bd3 Nc6 8.
Ne2 e5 9. O-O d6 10. Ng3 Re8 11. d5 e4 12. dxc6 exd3 13. Qxd3 bxc6 14. e4 Ba6
15. Nf5 Rxe4 16. Qg3 Rg4 17. Qxd6 Qxd6 18. Nxd6 Bxc4 19. h3 Bxf1 20. hxg4 Rd8
21. Nf5 Be2 22. Be3 Nd5 23. Bxc5 Bxg4 24. Nd4 Bd7 25. Bxa7 Ra8 26. Rb1 Nxc3 27.
Rb7 Be8 28. f3 g6 29. Kf2 h5 30. Kg3 Rc8 31. Nb3 Nb5 32. Bc5 Nc3 33. Bb4 Na4
34. Nc5 1/2-1/2

[Event "Schachbundesliga 2011/2012"]
[Site "?"]
[Date "2011.12.11"]
[Round "7"]
[White "Lenic, Luka"]
[Black "Fressinet, Laurent"]
[Result "1/2-1/2"]
[WhiteElo "2641"]
[BlackElo "2696"]
[PlyCount "110"]
[EventDate "2011.??.??"]

1. Nf3 d5 2. c4 e6 3. e3 Nf6 4. Nc3 a6 5. b3 c5 6. Bb2 Nc6 7. d4 Be7 8. Be2
cxd4 9. exd4 b6 10. O-O Bb7 11. cxd5 exd5 12. Ne5 O-O 13. Rc1 Rc8 14. Na4 Na7
15. Rxc8 Nxc8 16. Bd3 Bd6 17. Qe2 a5 18. Rc1 Ne7 19. Ba6 Qa8 20. Bxb7 Qxb7 21.
Qb5 Rb8 22. g3 h6 23. f3 Bxe5 24. dxe5 Nd7 25. Re1 Nf8 26. Ba3 d4 27. Qxb6 Qxb6
28. Nxb6 Rxb6 29. Bxe7 Ne6 30. Rc1 g5 31. Kf2 Rb5 32. Bd6 Rd5 33. Ke2 f6 34.
Kd3 fxe5 35. Ba3 Kf7 36. Ke4 Rb5 37. Bd6 Kf6 38. g4 d3 39. Rd1 Nf4 40. Ba3 Ke6
41. Ke3 a4 42. b4 Rb6 43. Rb1 Rc6 44. Rc1 Nd5+ 45. Kd2 Rxc1 46. Bxc1 Nxb4 47.
a3 Nc6 48. Kxd3 Kd5 49. h3 Nd4 50. Ke3 Nb3 51. Bb2 Na5 52. Kd3 Nc6 53. Bc1 Nd4
54. Ke3 Ne6 55. Bd2 Nd4 1/2-1/2

[Event "Schachbundesliga 2011/2012"]
[Site "?"]
[Date "2011.12.11"]
[Round "7"]
[White "Naiditsch, Arkadij"]
[Black "Kohlweyer, Bernd"]
[Result "1-0"]
[WhiteElo "2707"]
[BlackElo "2458"]
[PlyCount "65"]
[EventDate "2011.??.??"]

1. e4 e5 2. Nf3 Nc6 3. Bc4 Bc5 4. c3 Nf6 5. d3 a6 6. Bb3 Ba7 7. Bg5 d6 8. Nbd2
h6 9. Bh4 g5 10. Bg3 Qe7 11. Nc4 Be6 12. Qc2 Nd7 13. O-O-O Nc5 14. d4 Nxb3+ 15.
axb3 exd4 16. Nxd4 Bxd4 17. cxd4 Nb4 18. Qd2 d5 19. Nd6+ cxd6 20. Qxb4 O-O 21.
Kb1 Qf6 22. h4 dxe4 23. hxg5 Qxg5 24. d5 Bxd5 25. Bh4 Qe5 26. f4 Qe6 27. f5
Qxf5 28. Rdf1 Qg6 29. Rf6 Qg7 30. Qd4 Bxb3 31. Be1 Rfe8 32. Bc3 Re6 33. Rhxh6
1-0

[Event "Schachbundesliga 2011/2012"]
[Site "?"]
[Date "2011.12.11"]
[Round "7"]
[White "Shirov, Alexei"]
[Black "Steingrimsson, Hedinn"]
[Result "1/2-1/2"]
[WhiteElo "2713"]
[BlackElo "2562"]
[PlyCount "96"]
[EventDate "2011.??.??"]

1. e4 e5 2. Nf3 Nc6 3. Bb5 Nf6 4. O-O Nxe4 5. d4 Nd6 6. Bxc6 dxc6 7. dxe5 Nf5
8. Qxd8+ Kxd8 9. Nc3 Ke8 10. h3 Be7 11. g4 Nh4 12. Nxh4 Bxh4 13. Ne2 h5 14. f3
b6 15. Nf4 Ba6 16. Rd1 hxg4 17. fxg4 Ke7 18. b3 Bb7 19. e6 Rhd8 20. Rf1 Bf6 21.
exf7 c5 22. f8=Q+ Rxf8 23. Ng6+ Ke8 24. Bb2 Bd4+ 25. Bxd4 Rxf1+ 26. Rxf1 cxd4
27. Rf8+ Kd7 28. Rf4 Re8 29. Rxd4+ Kc8 30. Rd2 a5 31. Kf2 Re6 32. Nh4 a4 33.
bxa4 Re4 34. Nf5 g6 35. Nd4 c5 36. Nb5 Rxa4 37. Rd6 g5 38. Ke3 Rxa2 39. Rh6 Bg2
40. c4 Kd7 41. Nc3 Rc2 42. Na4 Ke8 43. Nxb6 Bxh3 44. Re6+ Kf7 45. Re4 Bf1 46.
Nd7 Re2+ 47. Kf3 Rxe4 48. Kxe4 Ke7 1/2-1/2

[Event "Schachbundesliga 2011/2012"]
[Site "?"]
[Date "2012.02.04"]
[Round "8"]
[White "Aronian, Levon"]
[Black "Shirov, Alexei"]
[Result "1/2-1/2"]
[WhiteElo "2807"]
[BlackElo "2713"]
[PlyCount "73"]
[EventDate "2012.??.??"]

1. Nf3 d5 2. d4 Nf6 3. c4 c6 4. Nc3 e6 5. e3 Nbd7 6. Qc2 Bd6 7. Bd3 O-O 8. O-O
dxc4 9. Bxc4 b5 10. Be2 Bb7 11. e4 e5 12. dxe5 Nxe5 13. Nh4 b4 14. Nf5 bxc3 15.
Rd1 Ne8 16. Qxc3 Qf6 17. f4 Bc7 18. fxe5 Qxe5 19. Qxe5 Bxe5 20. Rd7 Bc8 21.
Ne7+ Kh8 22. Rd3 Ba6 23. Re3 Bb7 24. Rb3 Nd6 25. Nf5 Nxf5 26. exf5 Bc8 27. g4
g6 28. Bf3 gxf5 29. Bxc6 Be6 30. Bxa8 Bxb3 31. axb3 Rxa8 32. gxf5 Rb8 33. Kg2
Rxb3 34. Rxa7 Kg7 35. Ra3 Rb5 36. Ra6 h5 37. Rc6 1/2-1/2

[Event "Schachbundesliga 2011/2012"]
[Site "?"]
[Date "2012.02.04"]
[Round "8"]
[White "Firman, Nazar"]
[Black "McShane, Luke J"]
[Result "0-1"]
[WhiteElo "2517"]
[BlackElo "2671"]
[PlyCount "120"]
[EventDate "2012.??.??"]

1. e4 e5 2. Nf3 Nc6 3. Bb5 Nf6 4. d3 Bc5 5. Nc3 O-O 6. Bg5 h6 7. Bh4 Re8 8. O-O
Nd4 9. Nxd4 Bxd4 10. Ne2 Bb6 11. Kh1 c6 12. Bc4 g5 13. Bg3 d5 14. exd5 Nxd5 15.
Bxd5 cxd5 16. d4 e4 17. Nc3 Bf5 18. Nb5 Re6 19. c4 dxc4 20. d5 Rg6 21. d6 Rc8
22. Nc3 Rc6 23. Qd5 Rc5 24. Qxb7 h5 25. Nd5 Re6 26. b4 cxb3 27. axb3 Rxd5 28.
Qxd5 Qf6 29. d7 h4 30. Rad1 Bd8 31. Qb5 hxg3 32. fxg3 e3 33. Rxf5 e2 34. Rg1
Qxf5 35. Qxf5 e1=Q 36. Rf1 f6 37. Qg6+ Kh8 38. Qh6+ Kg8 39. Qg6+ Kf8 40. Qh6+
Ke7 41. Qh7+ Kd6 42. Qd3+ Kc7 43. h4 Qe5 44. h5 Rd6 45. Qf3 Qd5 46. Qg4 Rxd7
47. Kh2 Qc6 48. Qf5 Kb7 49. h6 Rd2 50. Rf3 Qe8 51. h7 Bb6 52. Rf1 Rd8 53. Qh3
Qh8 54. Re1 Qg7 55. Rd1 Rxd1 56. h8=Q Bg1+ 57. Kh1 Bb6+ 58. Kh2 Bg1+ 59. Kh1
Bf2+ 60. Kh2 Qc7 0-1

[Event "Schachbundesliga 2011/2012"]
[Site "?"]
[Date "2012.02.04"]
[Round "8"]
[White "Fressinet, Laurent"]
[Black "Bischoff, Klaus"]
[Result "1-0"]
[WhiteElo "2696"]
[BlackElo "2547"]
[PlyCount "111"]
[EventDate "2012.??.??"]

1. d4 e6 2. c4 Bb4+ 3. Bd2 Bxd2+ 4. Qxd2 Nf6 5. Nc3 d5 6. e3 O-O 7. cxd5 exd5
8. Bd3 Qe7 9. Nge2 Nbd7 10. O-O b6 11. Rae1 Bb7 12. f3 c5 13. g4 Rfd8 14. Nf4
Nf8 15. g5 Ne8 16. h4 Nc7 17. Qf2 Qd6 18. Nce2 Re8 19. Nh5 Nd7 20. f4 Ba6 21.
Bxa6 Nxa6 22. Nc3 Nc7 23. f5 b5 24. Qf4 Qc6 25. dxc5 Qxc5 26. Qg3 Re5 27. f6 g6
28. Nf4 Qb6 29. Nd3 Re6 30. Nf4 Re5 31. Nd3 Re6 32. Qf4 Rae8 33. Nd1 Re4 34.
Qg3 Ne5 35. Nxe5 R8xe5 36. Nf2 Rxe3 37. Qxe5 Rxe5 38. Rxe5 Qd4 39. Rfe1 Ne6 40.
R1e3 h5 41. gxh6 Nf4 42. Re8+ Kh7 43. Rf3 Qxb2 44. Kh2 Qxf6 45. Nh3 Kxh6 46.
Rxf4 Qd6 47. Re3 b4 48. Rg3 f5 49. Rf2 Qc5 50. Rfg2 Qd6 51. Kh1 d4 52. Rxg6+
Qxg6 53. Rxg6+ Kxg6 54. Nf4+ Kh6 55. Kg2 a5 56. Nd3 1-0

[Event "Schachbundesliga 2011/2012"]
[Site "?"]
[Date "2012.02.04"]
[Round "8"]
[White "Maksimenko, Andrei"]
[Black "Movsesian, Sergei"]
[Result "0-1"]
[WhiteElo "2553"]
[BlackElo "2715"]
[PlyCount "112"]
[EventDate "2012.??.??"]

1. d4 Nf6 2. c4 e6 3. Nc3 Bb4 4. g3 d5 5. Bg2 O-O 6. Nf3 dxc4 7. O-O Nc6 8. Bg5
h6 9. Bxf6 Qxf6 10. Rc1 Rb8 11. e3 Qe7 12. Ne4 Na5 13. Ne5 b6 14. Qe2 Ba6 15.
a3 Bd6 16. b4 Bxe5 17. dxe5 Nb3 18. Rc3 b5 19. Rxb3 cxb3 20. Nc5 Bc8 21. Qb2
Rd8 22. Qxb3 Bd7 23. Rc1 Be8 24. Qc3 Rb6 25. Nb3 Kh8 26. Be4 Rc8 27. Nd4 f6 28.
h3 Kg8 29. Rc2 c6 30. Kh2 Rb7 31. Nb3 Rd7 32. Nc5 Rdd8 33. Rc1 fxe5 34. Kg2 Qf6
35. Qc2 Rc7 36. Rf1 Rf7 37. Nd3 Rfd7 38. Qc3 Bg6 39. Nc5 Bxe4+ 40. Nxe4 Qg6 41.
Qxc6 Rd5 42. Nc5 Qe8 43. Qb7 Rd2 44. Qc7 R8d5 45. e4 Rd6 46. Qxa7 Qc6 47. Qb8+
Kh7 48. Re1 Ra2 49. Re3 Qb6 50. Qe8 Qd8 51. Qxb5 Rdd2 52. Qf1 Qd4 53. Kf3 Ra1
54. Qa6 Re1 55. Kg4 Rxe3 56. fxe3 Qxe3 0-1

[Event "Schachbundesliga 2011/2012"]
[Site "?"]
[Date "2012.02.04"]
[Round "8"]
[White "Naiditsch, Arkadij"]
[Black "Michalik, Peter"]
[Result "1-0"]
[WhiteElo "2707"]
[BlackElo "2511"]
[PlyCount "73"]
[EventDate "2012.??.??"]

1. e4 c6 2. d4 d5 3. e5 Bf5 4. Ne2 e6 5. Ng3 Bg6 6. h4 h5 7. Be2 c5 8. dxc5
Bxc5 9. Nd2 Nc6 10. Nb3 Bb6 11. Bxh5 Nxe5 12. Qe2 Qf6 13. Bxg6 Nxg6 14. h5 N6e7
15. a4 a6 16. a5 Ba7 17. Ra4 Nc6 18. c4 Nge7 19. cxd5 exd5 20. O-O d4 21. Qg4
Qe6 22. Qxe6 fxe6 23. Re1 e5 24. Nd2 O-O-O 25. Nc4 Rd5 26. Bg5 Kd7 27. Ra3 Rc5
28. b3 Rf8 29. Ne4 Rd5 30. b4 Nxb4 31. Rb3 Nec6 32. Bd2 Nc2 33. Rxb7+ Ke6 34.
Rc7 Rd7 35. Rxc6+ Kd5 36. Nxe5 Nxe1 37. Nxd7 1-0

[Event "Schachbundesliga 2011/2012"]
[Site "?"]
[Date "2012.02.04"]
[Round "8"]
[White "Negi, Parimarjan"]
[Black "Gashimov, Vugar"]
[Result "0-1"]
[WhiteElo "2631"]
[BlackElo "2756"]
[PlyCount "68"]
[EventDate "2012.??.??"]

1. e4 g6 2. d4 Bg7 3. Nc3 c6 4. Nf3 d6 5. Be3 Nd7 6. Qd2 b5 7. Bd3 Bb7 8. Ne2
Ngf6 9. c3 e5 10. Bh6 O-O 11. Bxg7 Kxg7 12. Ng3 Re8 13. O-O d5 14. dxe5 Nxe4
15. Bxe4 dxe4 16. Nxe4 Nxe5 17. Qd4 c5 18. Nxc5 Bxf3 19. Qxd8 Raxd8 20. gxf3
Rd5 21. b4 Nxf3+ 22. Kg2 Nh4+ 23. Kg3 Nf5+ 24. Kf3 Rd2 25. a4 bxa4 26. Rfd1 Rc2
27. Rdc1 Rce2 28. Rxa4 R8e7 29. Raa1 g5 30. Nd3 Nh4+ 31. Kg3 Rd7 32. Rd1 Rc2
33. Ra5 Rxc3 34. Rxg5+ Ng6 0-1

[Event "Schachbundesliga 2011/2012"]
[Site "?"]
[Date "2012.02.04"]
[Round "8"]
[White "Vachier-Lagrave, Maxime"]
[Black "Giri, Anish"]
[Result "1/2-1/2"]
[WhiteElo "2715"]
[BlackElo "2722"]
[PlyCount "86"]
[EventDate "2012.??.??"]

1. e4 e5 2. Nf3 Nf6 3. Nxe5 d6 4. Nf3 Nxe4 5. Nc3 Nf6 6. d4 Be7 7. h3 O-O 8.
Bd3 Re8 9. O-O b6 10. Re1 Bb7 11. Bf4 a6 12. Ne4 Nbd7 13. Nfd2 Nd5 14. Bh2 f5
15. Ng3 g6 16. Qf3 b5 17. Nxf5 gxf5 18. Bxf5 Nf8 19. c4 bxc4 20. Nxc4 c6 21.
Bxd6 Bxd6 22. Rxe8 Qxe8 23. Nxd6 Qe7 24. Qg3+ Kh8 25. Rd1 a5 26. Rd3 Ba6 27.
Rf3 Qg7 28. Qh4 Qf6 29. Qxf6+ Nxf6 30. Nf7+ Kg7 31. Ne5 Ra7 32. Nxc6 Rb7 33.
Ra3 Rxb2 34. Rg3+ Kf7 35. Ra3 Rb6 36. Ne5+ Ke7 37. Rxa5 Ne6 38. Nf3 Kd6 39.
Bxe6 Kxe6 40. Re5+ Kd7 41. Rf5 Ke7 42. Re5+ Kd7 43. Rf5 Ke7 1/2-1/2

[Event "Schachbundesliga 2011/2012"]
[Site "?"]
[Date "2012.02.04"]
[Round "8"]
[White "Vallejo Pons, Francisco"]
[Black "Melkumyan, Hrant"]
[Result "1/2-1/2"]
[WhiteElo "2716"]
[BlackElo "2619"]
[PlyCount "66"]
[EventDate "2012.??.??"]

1. c4 Nf6 2. Nc3 c5 3. Nf3 Nc6 4. d4 cxd4 5. Nxd4 e6 6. a3 Bc5 7. Nb3 Be7 8. e4
O-O 9. Be2 b6 10. Be3 Bb7 11. O-O d6 12. f4 Rc8 13. Bf2 Qc7 14. Rc1 Qb8 15. Nd2
Rfd8 16. Bd3 d5 17. cxd5 exd5 18. e5 d4 19. exf6 dxc3 20. Bxh7+ Kxh7 21. Qh5+
Kg8 22. fxg7 Kxg7 23. Rxc3 Rd6 24. Rg3+ Rg6 25. f5 Rh8 26. Rxg6+ fxg6 27. Qxg6+
Kf8 28. Bg3 Qe8 29. Bd6 Bxd6 30. Qf6+ Kg8 31. Qg5+ Kf8 32. Qf6+ Kg8 33. Qg5+
Kf8 1/2-1/2

[Event "Schachbundesliga 2011/2012"]
[Site "?"]
[Date "2012.02.04"]
[Round "8"]
[White "Vitiugov, Nikita"]
[Black "Ragger, Markus"]
[Result "1-0"]
[WhiteElo "2726"]
[BlackElo "2655"]
[PlyCount "79"]
[EventDate "2012.??.??"]

1. d4 d5 2. c4 c6 3. Nf3 Nf6 4. e3 Bg4 5. h3 Bxf3 6. Qxf3 e6 7. Nc3 Nbd7 8. Bd3
Bb4 9. a3 Bxc3+ 10. bxc3 Qa5 11. Bd2 Nb6 12. c5 Nc4 13. Bxc4 dxc4 14. O-O O-O
15. Rfb1 Rab8 16. e4 Nd7 17. Qg3 Kh8 18. Rb4 e5 19. Rxc4 exd4 20. Bf4 Rbe8 21.
Bd6 Rg8 22. cxd4 Rxe4 23. Qf3 Re1+ 24. Rxe1 Qxe1+ 25. Kh2 Nf6 26. Rc3 Nd5 27.
Rb3 f6 28. Rxb7 Nc3 29. Re7 Qd2 30. Qe3 Qc2 31. Qe6 h6 32. Bg3 Nb1 33. Qxc6 Nd2
34. Re1 Qd3 35. Qd6 Ne4 36. Qf4 Nxg3 37. fxg3 Rd8 38. c6 Rxd4 39. Qxd4 Qxd4 40.
Re8+ 1-0

[Event "Schachbundesliga 2011/2012"]
[Site "?"]
[Date "2012.02.05"]
[Round "9"]
[White "Fedorchuk, Sergey A"]
[Black "Vitiugov, Nikita"]
[Result "1/2-1/2"]
[WhiteElo "2635"]
[BlackElo "2726"]
[PlyCount "43"]
[EventDate "2012.??.??"]

1. e4 e6 2. d4 d5 3. Nd2 c5 4. Ngf3 cxd4 5. Nxd4 Nc6 6. Bb5 Bd7 7. Nxc6 bxc6 8.
Bd3 Bd6 9. Qe2 Ne7 10. Nf3 Ng6 11. O-O O-O 12. e5 Bc7 13. Ng5 Qe8 14. f4 f5 15.
c4 Bb6+ 16. Kh1 Ne7 17. b3 a5 18. Bd2 a4 19. b4 c5 20. Rab1 Rb8 21. Rfc1 d4 22.
a3 1/2-1/2

[Event "Schachbundesliga 2011/2012"]
[Site "?"]
[Date "2012.02.05"]
[Round "9"]
[White "Ftacnik, Lubomir"]
[Black "Naiditsch, Arkadij"]
[Result "0-1"]
[WhiteElo "2570"]
[BlackElo "2707"]
[PlyCount "114"]
[EventDate "2012.??.??"]

1. Nf3 c5 2. c4 Nf6 3. Nc3 d5 4. cxd5 Nxd5 5. d4 e6 6. g3 cxd4 7. Nxd5 Qxd5 8.
Qxd4 Qxd4 9. Nxd4 Na6 10. Bg2 Bb4+ 11. Bd2 Ke7 12. Bxb4+ Nxb4 13. O-O Rd8 14.
Rfd1 Rb8 15. a3 Rxd4 16. Rxd4 Nc2 17. Rad1 Nxd4 18. Rxd4 e5 19. Rc4 Kd6 20. Kf1
Be6 21. Rc3 f5 22. h4 a5 23. Ke1 a4 24. Rd3+ Kc5 25. Re3 e4 26. f3 Kd4 27. Kd2
Bd5 28. Rc3 b5 29. e3+ Ke5 30. f4+ Kd6 31. Bf1 Bc4 32. Be2 Bxe2 33. Kxe2 b4 34.
Rc4 bxa3 35. bxa3 Rb2+ 36. Kf1 Rb3 37. Rxa4 Rxe3 38. Kf2 Rf3+ 39. Kg2 Rc3 40.
Ra7 Rc2+ 41. Kf1 Kd5 42. Rd7+ Kc4 43. h5 Ra2 44. Rxg7 Kd3 45. Rxh7 e3 46. h6
Ra1+ 47. Kg2 e2 48. Rd7+ Kc4 49. Re7 e1=Q 50. Rxe1 Rxe1 51. h7 Re8 52. Kh3 Rh8
53. Kh4 Rxh7+ 54. Kg5 Rf7 55. Kg6 Rf8 56. Kg7 Ra8 57. Kf6 Ra5 0-1

[Event "Schachbundesliga 2011/2012"]
[Site "?"]
[Date "2012.02.05"]
[Round "9"]
[White "Gashimov, Vugar"]
[Black "Vachier-Lagrave, Maxime"]
[Result "1/2-1/2"]
[WhiteElo "2756"]
[BlackElo "2715"]
[PlyCount "52"]
[EventDate "2012.??.??"]

1. c4 Nf6 2. g3 g6 3. Bg2 Bg7 4. Nc3 O-O 5. d3 d6 6. Rb1 c5 7. b4 cxb4 8. Rxb4
Nc6 9. Rb1 e6 10. Nf3 d5 11. O-O Re8 12. Nd2 b6 13. Ba3 Bb7 14. Nb5 Bf8 15.
Bxf8 Rxf8 16. cxd5 Nxd5 17. Nc4 Qe7 18. Qd2 Rfd8 19. Rfc1 Rac8 20. a4 Ba8 21.
h4 Nf6 22. Qf4 e5 23. Qe3 Qe6 24. Bf3 Nd5 25. Bxd5 Rxd5 26. Kh2 Rdd8 1/2-1/2

[Event "Schachbundesliga 2011/2012"]
[Site "?"]
[Date "2012.02.05"]
[Round "9"]
[White "Giri, Anish"]
[Black "Negi, Parimarjan"]
[Result "1/2-1/2"]
[WhiteElo "2722"]
[BlackElo "2631"]
[PlyCount "78"]
[EventDate "2012.??.??"]

1. c4 e5 2. g3 Nc6 3. Bg2 g6 4. Nc3 Bg7 5. d3 Nge7 6. Rb1 O-O 7. b4 a6 8. e3
Rb8 9. Nge2 d6 10. O-O Bg4 11. h3 Be6 12. Nd5 Qd7 13. Kh2 b5 14. a3 f5 15. Bb2
a5 16. Bc3 axb4 17. axb4 Nc8 18. f4 N6a7 19. e4 fxe4 20. fxe5 Rxf1 21. Qxf1
Bxd5 22. cxd5 exd3 23. e6 dxe2 24. Qxe2 Qe7 25. Bxg7 Qxg7 26. Rf1 Nb6 27. Rf7
Qc3 28. Qe4 Re8 29. Qh4 Qh8 30. Rxc7 Nac8 31. Qf4 Rf8 32. Rf7 Re8 33. Qf1 Qe5
34. Qxb5 Rf8 35. Qf1 Re8 36. Qc1 Re7 37. Qf1 Re8 38. Rb7 Rf8 39. Rf7 Re8
1/2-1/2

[Event "Schachbundesliga 2011/2012"]
[Site "?"]
[Date "2012.02.05"]
[Round "9"]
[White "Grachev, Boris"]
[Black "Areshchenko, Alexander"]
[Result "0-1"]
[WhiteElo "2682"]
[BlackElo "2672"]
[PlyCount "124"]
[EventDate "2012.??.??"]

1. c4 Nf6 2. Nf3 g6 3. Nc3 d5 4. cxd5 Nxd5 5. Qb3 Nb6 6. d4 Bg7 7. Bg5 Be6 8.
Qc2 Nc6 9. Rd1 Nb4 10. Qb1 h6 11. Bh4 N4d5 12. e4 Nxc3 13. bxc3 Qd6 14. Bd3 Qa3
15. O-O O-O 16. d5 Bg4 17. Qb3 Qxb3 18. axb3 e6 19. c4 Nd7 20. Be7 Rfe8 21. Ba3
Bf8 22. Bc1 Nc5 23. Bc2 exd5 24. exd5 a5 25. Rfe1 Na6 26. h3 Bxf3 27. gxf3 h5
28. Kf1 Bb4 29. Re3 Bc5 30. Ree1 f5 31. Rxe8+ Rxe8 32. Re1 Rxe1+ 33. Kxe1 Kf7
34. Ke2 Ke7 35. Bd2 Bb4 36. Be3 Kd6 37. Bf4+ Kd7 38. Be3 Kd6 39. Bf4+ Ke7 40.
Bg5+ Kf7 41. Bf4 Kf6 42. Bc1 Bd6 43. Bd2 b6 44. Bd1 g5 45. Bc1 h4 46. Kf1 Nc5
47. Bc2 Nd7 48. Bd2 Nf8 49. Bc3+ Be5 50. Bd2 Ng6 51. Ke2 Nf4+ 52. Bxf4 Bxf4 53.
Kd3 Bd6 54. f4 Bxf4 55. Bd1 Bd6 56. Bh5 g4 57. hxg4 Kg5 58. Ke2 fxg4 59. Be8
Kf4 60. Kf1 Kf3 61. Bd7 h3 62. Kg1 Bc5 0-1